000 00659nam a2200241Ia 4500
003 OSt
005 20220926042641.0
006 a|||||r|||| 00| 0
007 ta
008 220923b |||||||| |||| 00| 0 eng d
037 _cGeneral Book
040 _aRTL
_cRTL
_beng
041 _2eng
_aeng
082 _aS4z7, K2
100 _aKarn Harry W Ed.
_984416
245 0 _aReadings in industrial and business psyhcology
250 _a2
260 _c1962
650 _aVocational Psychology
700 _a Giimer Von Haller Ed.
_9346588
942 _hS4z7, K2
_cGB
_2CC
999 _c670296
_d670296